| 000 | 00615nam a2200205Ia 4500 | ||
|---|---|---|---|
| 003 | GCL | ||
| 008 | 140319s9999 xx 000 0 ara d | ||
| 040 |
_aGCL / _cGCL |
||
| 082 | 0 | 4 |
_a813.01 _bع ك |
| 100 | 1 | _aعبدالفتاح عبدالرحمن الجمل | |
| 245 | 1 | 0 |
_aكش ملك / _cعبدالفتاح عبدالرحمن الجمل |
| 700 | 1 | _aفؤاد حجازى | |
| 700 | 1 | _aزكريا باهى | |
| 700 | 1 | _aوجيه عبدالهادى | |
| 300 | _a90 ص | ||
| 490 |
_aادب الجماهير _v0 |
||
| 650 | 0 | 4 | _aالادب العربى |
| 650 | 0 | 4 | _aالقصة القصيرة |
| 942 |
_2ddc _cBK |
||
| 999 |
_c43953 _d43953 |
||